Catalog

Record Details

Catalog Search



Where's your tooth / [written by Rozanne Lanczak ... Read More

Available copies

  • 0 of 1 copy available at LARL/NWRL Consortium.

Current holds

0 current holds with 1 total copy.

Show Only Available Copies
Location Call Number / Copy Notes Barcode Shelving Location Status Due Date
Thief River Falls Public Library Guided Reading C-76 (Text) 35500003523519 Main Checked out 07/01/2026

Record details

  • ISBN: 0916119491
  • Physical Description: 8 p. : col. ill. ; 16 x 23 cm.
  • Publisher: Cypress, CA : Creative Teaching Press, c1994.

Content descriptions

Target Audience Note:
Emergent reader level 1.
Subject: Teeth > Fiction.
LDR 00917cam a2200265Ia 4500
00141410
003LARL_NWRL_CONSORTIUM
00520040603082609.0
008950403s1994 caua 000 1 eng d
020 . ‡a0916119491
035 . ‡a(OCoLC)32247936
0920 . ‡aE ‡bW ‡220
099 . ‡aW
1001 . ‡aWilliams, Rozanne Lanczak. ‡0(LARL_NWRL_CONSORTIUM)129876
24510. ‡aWhere's your tooth / ‡c[written by Rozanne Lanczak Williams ; illustrated by Rosanne Litzinger].
260 . ‡aCypress, CA : ‡bCreative Teaching Press, ‡cc1994.
300 . ‡a8 p. : ‡bcol. ill. ; ‡c16 x 23 cm.
4900 . ‡aFun and fantasy ; ‡v3621
5210 . ‡aEmergent reader level 1.
650 1. ‡aTeeth ‡vFiction.
7001 . ‡aLitzinger, Rosanne. ‡0(LARL_NWRL_CONSORTIUM)55351
901 . ‡a41410 ‡bOCLC ‡c41410 ‡tbiblio

Additional Resources